000 00277nam a2200109Ia 4500
001 588687
005 20250717120836.0
008 250717s9999 xx 000 0 und d
245 0 _aY-3 DEFTERİMDEN PORTRELER
_cİLBER ORTAYLI
260 _bKRONİK YAYINLARI
_c2019
300 _b303
999 _c588687
_d588687